| 000 | 00910nam a22002177a 4500 | ||
|---|---|---|---|
| 999 |
_c18629 _d18629 |
||
| 003 | AR-CdUCM | ||
| 008 | 190514b ||||| |||| 00| 0 spa d | ||
| 040 |
_aMUNICIPALIDAD PROVINCIAL DEL CUSCO _cBIBLIOTECA MUNICIPAL DEL CUSCO |
||
| 082 |
_a338.20985 / _bC65 |
||
| 100 |
_aCisneros Orna, Manuel H. _939328 |
||
| 245 |
_aMinería : _briqueza y pobreza del Perú / |
||
| 260 |
_aLima : _bInstituto Cultural José María Arguedas, _c1986. |
||
| 300 |
_a205 páginas ; _bgráficos, _c21.5 cm. |
||
| 505 | _aContenido: Minería: eje del desarrollo del país -- La minería y su papel en el país -- El destino de la riqueza -- Sus actores principales -- La minería peruana hoy ... | ||
| 650 |
_aMinas y recursos minerales _97125 |
||
| 650 |
_aAspectos económicos _9261 |
||
| 650 |
_aPerú _935 |
||
| 710 |
_aInstituto Cultural José María Arguedas. _939329 |
||
| 942 |
_2ddc _cLIBROS |
||
| 945 |
_aachl _d2019-05-14 |
||